El marxismo y el derrumbe del capitalismo / (Registro nro. 7812)

Detalles MARC
000 -LEADER
fixed length control field 01910nam a2200265Ia 4500
003 - CONTROL NUMBER IDENTIFIER
control field OSt
005 - DATE AND TIME OF LATEST TRANSACTION
control field 20210520111445.0
008 - FIXED-LENGTH DATA ELEMENTS--GENERAL INFORMATION
fixed length control field 210310s1978 mx gr 000 0 spa d
020 ## - INTERNATIONAL STANDARD BOOK NUMBER
International Standard Book Number 9682302412
040 ## - CATALOGING SOURCE
Original cataloging agency CO-JMCR
Transcribing agency CO-JMCR
041 0# - LANGUAGE CODE
Language code of text/sound track or separate title spa
082 04 - DEWEY DECIMAL CLASSIFICATION NUMBER
Classification number 335.42 /
Item number C698m
Edition number 23
100 1# - MAIN ENTRY--PERSONAL NAME
Personal name Colletti, Lucio,
9 (RLIN) 15523
Relator term autor
245 13 - TITLE STATEMENT
Title El marxismo y el derrumbe del capitalismo /
Statement of responsibility, etc. Lucio Colletti ; edición preparada por José Aricó
250 ## - EDITION STATEMENT
Edition statement Primera edición
260 ## - PUBLICATION, DISTRIBUTION, ETC.
Place of publication, distribution, etc. México :
Name of publisher, distributor, etc. Siglo Veintiuno Editores,
Date of publication, distribution, etc. 1978
300 ## - PHYSICAL DESCRIPTION
Extent 469 páginas ;
Dimensions 21 cm.
490 0# - SERIES STATEMENT
Series statement Biblioteca del pensamiento socialista. Serie ensayos críticos
500 ## - GENERAL NOTE
General note Incluye notas a pie de página.
505 0# - FORMATTED CONTENTS NOTE
Formatted contents note El Marxismo y el derrumbe del capitalismo -- El capital, libro III, la ley de la baja tendencial de la tasa de tanancia -- Teorías sobre el plusvalor -- Las premisas del socialismo y las tareas de la social-democracia, la crisis y las posibilidades de adaptación de la economía moderna -- Contribución a la teoría del derrumbe ¿Adónde lleva nuestro desarrollo económico? -- La contribución a la teoría de las crisis comerciales y de la sobreproducción -- Teorías de las crisis -- Fundamentos teóricos del Marxismo -- Estudios sobre la teoría e historia de las crisis comerciales en Inglaterra -- Para una caracterización del romanticismo económico -- El desarrollo del capitalismo en Rusia -- El capital financiero -- La acumulación del capital -- La acumulación del capital o en qué han convertido los epígonos la teoría de Marx. Una anticrítica -- El imperialismo, fase superior del capitalismo -- El imperialismo y la acumulación del capital -- La ley de la acumulación y del derrumbe del sistema capitalista
650 14 - SUBJECT ADDED ENTRY--TOPICAL TERM
Topical term or geographic name entry element Marxismo
9 (RLIN) 15525
General subdivision Crítica e interpretación
650 24 - SUBJECT ADDED ENTRY--TOPICAL TERM
Topical term or geographic name entry element Capitalismo
9 (RLIN) 37705
700 1# - ADDED ENTRY--PERSONAL NAME
Personal name Aricó, José,
Relator term editor
9 (RLIN) 11380
942 ## - ADDED ENTRY ELEMENTS (KOHA)
Source of classification or shelving scheme Dewey Decimal Classification
Koha item type Books
Existencias
Withdrawn status Lost status Source of classification or shelving scheme Damaged status Not for loan Collection code Home library Current library Date acquired Source of acquisition Full call number Barcode Date last seen Copy number Koha item type
    Dewey Decimal Classification     Non-fiction Biblioteca Pública José María del Castillo y Rada Biblioteca Pública José María del Castillo y Rada 04/15/2018 Donación 335.42 / C698m 430004358 05/16/2024 Ej.1 Books